Productivity <a> selected annotated bibliography, 1976-1978
Gespeichert in:
| Format: | Buch |
|---|---|
| Sprache: | Englisch |
| Veröffentlicht: |
Washington
U.S. Department of labor
1980
|
| Tags: |
Keine Tags, Fügen Sie das erste Tag hinzu!
|
MARC
| LEADER | 00000nam a2200000 4500 | ||
|---|---|---|---|
| 001 | c130578 | ||
| 005 | 20041019155249.8 | ||
| 041 | 0 | |a eng | |
| 044 | |a US | ||
| 245 | 1 | 0 | |a Productivity |b <a> selected annotated bibliography, 1976-1978 |
| 264 | 1 | |a Washington |b U.S. Department of labor |c 1980 | |
| 300 | |a 166 s. | ||